书目信息 |
| 题名: |
迈克的迷案
|
|
| 作者: | 华娜 著 ;曲晨 译 | |
| 分册: | 5 | |
| 出版信息: | 长沙 湖南少年儿童出版社 2021.12 |
|
| 页数: | 176页 | |
| 开本: | 21cm | |
| 丛书名: | 棚车少年 | |
| 单 册: | ||
| 中图分类: | H319.4:I712.84 , H319.4:I | |
| 科图分类: | ||
| 主题词: | 英语--ying yu--汉语--对照读物 , 儿童小说--er tong xiao shuo--中篇小说--美国--现代 | |
| 电子资源: | ||
| ISBN: | 978-7-5562-6011-9 | |
| 000 | 01383nam 2200325 450 | |
| 001 | 29307 | |
| 005 | 20221017132803.48 | |
| 010 | @a978-7-5562-6011-9@dCNY24.80 | |
| 100 | @a20220308d2021 cemy0chiy50 ea | |
| 101 | 1 | @achi@aeng@ceng |
| 102 | @aCN@b430000 | |
| 105 | @aa z 000ay | |
| 200 | 1 | @a迈克的迷案@Amai ke de mi an@h5@f(美) 钱德勒·华娜著@g曲晨译@zeng |
| 210 | @a长沙@c湖南少年儿童出版社@d2021.12 | |
| 215 | @a176页@c图@d21cm | |
| 225 | 2 | @a棚车少年@Apeng che shao nian@e中英双语@h第一辑@v5 |
| 312 | @a原文题名取自版权页 | |
| 314 | @a钱德勒·华娜, 美国儿童文学作家。 | |
| 330 | @a奥尔登家的四个孩子已经等不及要再去神秘农场玩了! 亨利、杰西、维奥莱特和本尼为此已经筹划好几个星期了。“我们还坐那班火车去! ”维奥莱特说, “杰西, 你还记得帮我们拎行李的卡特先生吗? ”本尼喊道: “这次我拿包! 卡特先生这回肯定不在车上。”“拎包的活还是我来吧, 小本尼。”亨利说道, “但是这次我们可不在森特维尔下车…… | |
| 410 | 0 | @12001 @a棚车少年 (中英双语)@h第一辑@v5 |
| 500 | 10 | @aMike's mystery@mChinese |
| 606 | 0 | @a英语@Aying yu@j汉语@j对照读物 |
| 606 | 0 | @a儿童小说@Aer tong xiao shuo@x中篇小说@y美国@z现代 |
| 690 | @aH319.4:I712.84@v5 | |
| 690 | @aH319.4:I@v4 | |
| 701 | 1 | @a华娜@Ahua na@g(Warner, Gertrude Chandler),@f1890-1979@4著 |
| 702 | 0 | @a曲晨@Aqu chen@4译 |
| 801 | 0 | @aCN@c20220910 |
| 905 | @a河南城建学院图书馆@dH319.4:I@eH682:5@f3 | |
| 962 | @a7337687 | |
| 迈克的迷案.5/(美) 钱德勒·华娜著/曲晨译.-长沙:湖南少年儿童出版社,2021.12 |
| 176页:图;21cm.-(棚车少年:中英双语.第一辑;5) |
| ISBN 978-7-5562-6011-9:CNY24.80 |
| 奥尔登家的四个孩子已经等不及要再去神秘农场玩了! 亨利、杰西、维奥莱特和本尼为此已经筹划好几个星期了。“我们还坐那班火车去! ”维奥莱特说, “杰西, 你还记得帮我们拎行李的卡特先生吗? ”本尼喊道: “这次我拿包! 卡特先生这回肯定不在车上。”“拎包的活还是我来吧, 小本尼。”亨利说道, “但是这次我们可不在森特维尔下车…… |
| ● |
| 相关链接 |
|
|
|
正题名:迈克的迷案
索取号:H319.4:I/H682:5
 
预约/预借
| 序号 | 登录号 | 条形码 | 馆藏地/架位号 | 状态 | 备注 |
| 1 | 1582808 | 215828086 | 语言库209/209语言库 53排4列4层/ [索取号:H319.4:I/H682:5] | 在馆 | |
| 2 | 1582809 | 215828095 | 语言库209/209语言库 53排4列4层/ [索取号:H319.4:I/H682:5] | 在馆 | |
| 3 | 1582810 | 215828102 | 语言库209/209语言库 53排4列4层/ [索取号:H319.4:I/H682:5] | 在馆 |